| 000 | 01106cam a2200253 i 4500 | ||
|---|---|---|---|
| 003 | SA-RiAUC | ||
| 005 | 20250105054839.0 | ||
| 008 | 250105s1982 ua g 00000 ara c | ||
| 040 |
_aSA-RiAUC _bara _cSA-RiAUC _erda |
||
| 082 | 0 | 4 | _a232.89 |
| 090 |
_a232.89 _bع س ك |
||
| 100 | 1 |
_aالعسكري، الحسن بن عبد الله بن سعيد، _d293-382 هجري _eمؤلف. |
|
| 245 | 1 | 0 |
_aتصحيفات المحدثين / _cلأبي هلال الحسن بن عبد الله بن سهل العسكري ؛ تحقيق محمود أحمد ميرة. |
| 264 | 1 |
_aالقاهرة : _aبيروت : _bالمكتبة العربية الحديثة ؛ _bدار الكتب العلمية، _c1982 |
|
| 300 |
_a4 مجلد في 2 ؛ _c24 سم |
||
| 336 |
_aنص _btxt _2rdacontent _3كتاب |
||
| 337 |
_aبدون وسيط _bn _2rdamedia |
||
| 338 |
_aمجلد _bnc _2rdacarrier |
||
| 650 | 7 |
_aتصحيفات المحدثين _2aucsh |
|
| 650 | 7 |
_aالحديث _xمباحث عامة _2aucsh |
|
| 700 | 1 |
_aميرة، محمود أحمد _eمحقق. |
|
| 942 |
_2ddc _cBOOK |
||
| 949 |
_aSA-JeALM _d250105 _ukhaled123 _n1 |
||
| 999 |
_c4449 _d4449 |
||